Statistics for Cities of Metro Vancouver

Click here to take the quiz!

General Stats

  • This quiz has been taken 28 times
  • The average score is 12 of 14

Answer Stats

popcity% Correct
518,000S{urrey}
100%
233,000B{urnaby}
96%
139,000C{oquitlam}
92%
53,000{North} Vancouver
92%
198,000R{ichmond}
92%
631,000V{ancouver}
92%
102,000D{elta}
88%
82,000{Maple} Ridge
88%
71,000New {Westminster}
88%
59,000{Port} Coquitlam
88%
26,000L{angley}
81%
20,000{White} Rock
77%
34,000Port {Moody}
73%
19,000{Pitt} Meadows
69%

Score Distribution

Percentile by Number Answered

Percent of People with Each Score

Your Score History

You have not taken this quiz